000
00306nam a22001217a 4500
008
180605b xxu||||| |||| 00| 0 eng d
041
_a
eng
080
_a
043.3
100
_a
0
101
_a
SHKI-MA
245
_a
Sistemi E-Commerce ne ndermarrjet e vogla dhe te mesme ne Kosove
_c
Ukaj, M
942
_2
udc
_c
BK
999
_c
46331
_d
46331